Disney Pixar, Finding Nemo : a read-aloud storybook / adapted by Lisa Ann Marsoli ; illustrated by the Disney Storybook Artists ; designed by Disney's Global Design Group.
Experience the underwater world of the Great Barrier Reef with "Finding Nemo, the story of a clown fish who faces sharks, seabirds, and sewer systems as he tries to rescue his son from a dentist's fish tank. Kids can relive all the fun of Disney/Pixar's newest animated feature film with this 72-page, full-color Read-Aloud Storybook
Record details
- ISBN: 0736421262
- ISBN: 9780736421263
- Physical Description: 64 pages : illustrations ; 29 cm
- Publisher: New York : Random House, [2003]
Search for related items by subject
| Subject: | Nemo (Fictitious character) > Juvenile fiction. Fishes > Fiction. Dentists > Fiction. Father-son relationship > Fiction. |
| Genre: | Juvenile works Fiction. Novels. |
Search for related items by series
Available copies
- 1 of 1 copy available at scottsboropl.
Holds
- 0 current holds with 1 total copy.
Show Only Available Copies
| Location | Call Number / Copy Notes | Barcode | Shelving Location | Status | Due Date |
|---|---|---|---|---|---|
| scottsboropl | E Dis | 32269001258816 | Juvenile - Easy | Available | - |
| LDR | 03045cam a2200649 a 4500 | ||
|---|---|---|---|
| 001 | 164058 | ||
| 003 | SBPL | ||
| 005 | 20240816114839.0 | ||
| 008 | 030429t20032003nyua j 000 1 eng d | ||
| 010 | . | ‡a 2002113527 | |
| 020 | . | ‡a0736421262 | |
| 020 | . | ‡a9780736421263 | |
| 035 | . | ‡a(OCoLC)52148461 | |
| 035 | . | ‡a(OCoLC)52148461 ‡z(OCoLC)809728855 ‡z(OCoLC)864454473 ‡z(OCoLC)1054376587 ‡z(OCoLC)1059143585 ‡z(OCoLC)1273614904 ‡z(OCoLC)1305869261 ‡z(OCoLC)1315608774 ‡z(OCoLC)1316955968 | |
| 050 | 4. | ‡aPZ7.M37 ‡bF49 2003 | |
| 082 | 0 | 4. | ‡a[E] ‡221 |
| 100 | 1 | . | ‡aMarsoli, Lisa Ann, ‡d1958-: ‡eadaptor. |
| 245 | 1 | 0. | ‡aDisney Pixar, Finding Nemo : ‡ba read-aloud storybook / ‡cadapted by Lisa Ann Marsoli ; illustrated by the Disney Storybook Artists ; designed by Disney's Global Design Group. |
| 246 | 1 | . | ‡iAt head of title: ‡aDisney Pixar |
| 264 | 1. | ‡aNew York : ‡bRandom House, ‡c[2003] | |
| 300 | . | ‡a64 pages : ‡billustrations ; ‡c29 cm | |
| 336 | . | ‡atext ‡btxt ‡2rdacontent | |
| 337 | . | ‡aunmediated ‡bn ‡2rdamedia | |
| 338 | . | ‡avolume ‡bnc ‡2rdacarrier | |
| 380 | . | ‡aFiction ‡2marcgt | |
| 490 | 1 | . | ‡aDisney's read-aloud storybooks |
| 520 | . | ‡aExperience the underwater world of the Great Barrier Reef with "Finding Nemo, the story of a clown fish who faces sharks, seabirds, and sewer systems as he tries to rescue his son from a dentist's fish tank. Kids can relive all the fun of Disney/Pixar's newest animated feature film with this 72-page, full-color Read-Aloud Storybook | |
| 650 | 0. | ‡aNemo (Fictitious character) ‡vJuvenile fiction. | |
| 650 | 0. | ‡aFishes ‡vFiction. | |
| 650 | 0. | ‡aDentists ‡vFiction. ‡2sears | |
| 650 | 0. | ‡aFather-son relationship ‡vFiction. ‡2sears | |
| 655 | 7. | ‡aJuvenile works | |
| 655 | 7. | ‡aFiction. ‡2lcgft | |
| 655 | 7. | ‡aNovels. ‡2lcgft | |
| 710 | 2 | . | ‡aDisney Storybook Artists. |
| 710 | 2 | . | ‡aPixar (Firm) |
| 710 | 2 | . | ‡aDisney Enterprises (1996- ) |
| 830 | 0. | ‡aDisney's read-aloud storybooks. | |
| 901 | . | ‡a164058 ‡bAUTOGEN ‡c164058 ‡tbiblio | |